[Event "Chigorin Memorial 18th"]
[Site "St Petersburg"]
[Date "2010.11.05"]
[Round "9"]
[White "Kirusha, Andrey"]
[Black "Yudin, Sergei"]
[Result "1/2-1/2"]
[WhiteElo "2380"]
[BlackElo "2521"]
[PlyCount "85"]
[EventDate "2010.10.28"]
[EventType "swiss"]
[EventRounds "9"]
[EventCountry "RUS"]
[SourceTitle "EXT 2011"]
[Source "ChessBase"]
[SourceDate "2010.11.26"]
[SourceVersion "1"]
[SourceVersionDate "2010.11.26"]
[SourceQuality "1"]

1. d4 d5 2. c4 e6 3. Nc3 c6 4. e4 Bb4 5. cxd5 exd5 6. e5 Ne7 7. Nf3 c5 8. a3 Ba5 9. dxc5 Bxc3+ 10. bxc3 Qa5 11. Bd2 Nbc6 12. Be2 Qxc5 13. 0-0 0-0 14. Qa4 Ng6 15. Be3 Qe7 16. Qb5 Re8 17. Qxd5 Ncxe5 18. Nxe5 Qxe5 19. Qxe5 Nxe5 20. Rab1 b6 21. Bd4 Bb7 22. Rfe1 Nc6 23. Be3 Rac8 24. c4 Ba6 25. Bg4 Rcd8 26. c5 Ne5 27. Be2 Bd3 28. Ra1 Bxe2 29. Rxe2 Nc4 30. cxb6 axb6 31. Ree1 h5 32. h3 Rd3 33. a4 Re6 34. Rab1 Kh7 35. Rb4 Rc3 36. Reb1 Nxe3 37. fxe3 Rexe3 38. Rxb6 Ra3 39. R6b4 Re2 40. R1b2 Ra1+ 41. Kh2 Rxb2 42. Rxb2 Rxa4 43. Rb6 1/2-1/2

[Event "Chigorin Memorial 18th"]
[Site "St Petersburg"]
[Date "2010.10.31"]
[Round "4"]
[White "Bocharov, Dmitry"]
[Black "Kirusha, Andrey"]
[Result "1-0"]
[WhiteElo "2612"]
[BlackElo "2380"]
[PlyCount "85"]
[EventDate "2010.10.28"]
[EventType "swiss"]
[EventRounds "9"]
[EventCountry "RUS"]
[SourceTitle "EXT 2011"]
[Source "ChessBase"]
[SourceDate "2010.11.26"]
[SourceVersion "1"]
[SourceVersionDate "2010.11.26"]
[SourceQuality "1"]

1. c4 Nf6 2. d4 g6 3. g3 Bg7 4. Bg2 d5 5. cxd5 Nxd5 6. e4 Nb6 7. Ne2 c5 8. d5 0-0 9. 0-0 e6 10. Nec3 exd5 11. exd5 Bf5 12. Na3 Na6 13. d6 Qd7 14. Bg5 Nb4 15. Qd2 Rfe8 16. Rfe1 Bd3 17. Ne4 Bxe4 18. Rxe4 Rxe4 19. Bxe4 Re8 20. Bg2 Bd4 21. Rd1 Nc8 22. Bf4 b5 23. Be3 Bxe3 24. fxe3 Re6 25. Nxb5 a6 26. Nc3 Rxd6 27. Bd5 Qe7 28. e4 Qe5 29. Qf2 Nxd5 30. exd5 Nb6 31. Qxc5 Nd7 32. Qd4 Qxd4+ 33. Rxd4 f5 34. Kf2 Kf7 35. Ke3 Kf6 36. Rh4 h5 37. Rc4 Ne5 38. Rc7 Ng4+ 39. Kd4 Nxh2 40. Rc6 Rxc6 41. dxc6 Ke7 42. Kd5 Kd8 43. Kd6 1-0

[Event "Chigorin Memorial 13th"]
[Site "St Petersburg"]
[Date "2005.10.18"]
[Round "4"]
[White "Kirusha, Andrey"]
[Black "Dushenok, Anna"]
[Result "1-0"]
[WhiteElo "2393"]
[BlackElo "2206"]
[PlyCount "73"]
[EventDate "2005.10.15"]
[EventType "swiss"]
[EventRounds "9"]
[EventCountry "RUS"]
[SourceTitle "CBM 108 Extra"]
[Source "ChessBase"]
[SourceDate "2005.11.04"]
[SourceVersion "1"]
[SourceVersionDate "2005.11.04"]
[SourceQuality "1"]

1. d4 Nf6 2. c4 c5 3. d5 d6 4. Nc3 g6 5. e4 Bg7 6. Nf3 0-0 7. h3 e6 8. Bd3 exd5 9. exd5 Re8+ 10. Be3 Na6 11. 0-0 Nc7 12. a4 b6 13. Qd2 Bb7 14. Bg5 Qd7 15. Qf4 Nh5 16. Qh4 h6 17. Bd2 Bc8 18. Rae1 f5 19. g4 fxg4 20. Bxg6 Rxe1 21. Rxe1 Nf6 22. Ne4 Nfe8 23. Ng3 gxf3 24. Nf5 Qxf5 25. Bxf5 Bxf5 26. Bxh6 Bf6 27. Qh5 Bc2 28. Kh1 a6 29. Rg1+ Ng7 30. Qg4 Nce8 31. Qe6+ Kh7 32. Bxg7 Bxg7 33. Qf7 Kh6 34. Rg4 Bf6 35. Rg8 Bg7 36. Rxe8 Bg6 37. Re6 1-0

[Event "Chigorin Memorial 13th"]
[Site "St Petersburg"]
[Date "2005.10.16"]
[Round "2"]
[White "Kirusha, Andrey"]
[Black "Khairullin, Ildar"]
[Result "0-1"]
[WhiteElo "2393"]
[BlackElo "2537"]
[PlyCount "70"]
[EventDate "2005.10.15"]
[EventType "swiss"]
[EventRounds "9"]
[EventCountry "RUS"]
[SourceTitle "CBM 108 Extra"]
[Source "ChessBase"]
[SourceDate "2005.11.04"]
[SourceVersion "1"]
[SourceVersionDate "2005.11.04"]
[SourceQuality "1"]

1. e4 c5 2. Nf3 Nc6 3. d4 cxd4 4. Nxd4 Nf6 5. Nc3 e5 6. Ndb5 d6 7. Bg5 a6 8. Na3 b5 9. Bxf6 gxf6 10. Nd5 Bg7 11. Bd3 Ne7 12. Nxe7 Qxe7 13. c4 f5 14. 0-0 0-0 15. Qf3 d5 16. cxd5 fxe4 17. Bxe4 Rb8 18. Rad1 Rb6 19. Qd3 Qd7 20. Bxh7+ Kh8 21. d6 Rd8 22. Qe4 Bh6 23. Rfe1 f5 24. Qxe5+ Kxh7 25. Qf6 Rb7 26. Nc2 Re8 27. Nd4 Bg7 28. Qh4+ Kg8 29. Nf3 Rxe1+ 30. Rxe1 Qxd6 31. Re8+ Bf8 32. Rd8 Qc5 33. Qh6 Rg7 34. h4 Bd7 35. Ng5 Qc1+ 0-1

[Event "Moscow Aeroflot op-B"]
[Site "Moscow"]
[Date "2005.02.17"]
[Round "3"]
[White "Kirusha, Andrey"]
[Black "Annageldyev, Orazly"]
[Result "0-1"]
[WhiteElo "2405"]
[BlackElo "2449"]
[PlyCount "65"]
[EventDate "2005.02.15"]
[EventType "swiss"]
[EventRounds "9"]
[EventCountry "RUS"]
[SourceTitle "EXT 2006"]
[Source "ChessBase"]
[SourceDate "2005.11.24"]
[SourceVersion "1"]
[SourceVersionDate "2005.11.24"]
[SourceQuality "1"]

1. Nf3 c5 2. c4 Nc6 3. Nc3 g6 4. e3 Bg7 5. d4 d6 6. Be2 Nh6 7. d5 Na5 8. e4 0-0 9. 0-0 a6 10. h3 Bd7 11. Bd2 f5 12. e5 dxe5 13. Nxe5 Bxe5 14. Bxh6 Rf7 15. Re1 Qc7 16. Rc1 Rb8 17. a3 Bh2+ 18. Kh1 Bf4 19. d6 Bxd6 20. b4 Nc6 21. Be3 e6 22. bxc5 Be5 23. Bf3 f4 24. Bd2 Rd8 25. Ne4 Bc8 26. Qa4 Rd3 27. Be2 Rd4 28. Bg4 Qd8 29. Bc3 f3 30. Bxd4 Nxd4 31. Rcd1 Bd7 32. Qb4 fxg2+ 33. Kxg2 0-1

[Event "Moscow Aeroflot op-B"]
[Site "Moscow"]
[Date "2005.02.16"]
[Round "2"]
[White "Bakre, Tejas"]
[Black "Kirusha, Andrey"]
[Result "1-0"]
[WhiteElo "2484"]
[BlackElo "2405"]
[PlyCount "42"]
[EventDate "2005.02.15"]
[EventType "swiss"]
[EventRounds "9"]
[EventCountry "RUS"]
[SourceTitle "EXT 2006"]
[Source "ChessBase"]
[SourceDate "2005.11.24"]
[SourceVersion "1"]
[SourceVersionDate "2005.11.24"]
[SourceQuality "1"]

1. d4 Nf6 2. Nf3 g6 3. Nbd2 Bg7 4. e4 d6 5. Bc4 0-0 6. e5 dxe5 7. dxe5 Nh5 8. 0-0 Nc6 9. e6 f5 10. Nb3 Qd6 11. Qe2 Nf4 12. Bxf4 Qxf4 13. c3 b6 14. Rad1 Bb7 15. Rd7 Bf6 16. Bd5 Rae8 17. Rd1 Kh8 18. Nc1 Na5 19. Nd3 Qa4 20. Nb4 c6 21. b3 Qb5 1-0

[Event "Chigorin Memorial-A 10th"]
[Site "St Petersburg"]
[Date "2002.11.01"]
[Round "7"]
[White "Sergienko, Sergey"]
[Black "Kirusha, Andrey"]
[Result "1-0"]
[WhiteElo "2439"]
[BlackElo "2386"]
[PlyCount "146"]
[EventDate "2002.10.25"]
[EventType "swiss"]
[EventRounds "9"]
[EventCountry "RUS"]
[SourceTitle "EXT 2003"]
[Source "ChessBase"]
[SourceDate "2002.11.25"]
[SourceVersion "1"]
[SourceVersionDate "2002.11.25"]
[SourceQuality "1"]

1. d4 d5 2. c4 e6 3. Nc3 c5 4. cxd5 cxd4 5. Qa4+ Bd7 6. Qxd4 exd5 7. Qxd5 Nc6 8. Nf3 Nf6 9. Qd1 Bc5 10. e3 Qe7 11. Be2 0-0-0 12. 0-0 g5 13. b4 g4 14. Nd4 Nxd4 15. exd4 Bxb4 16. Bg5 Bc6 17. Nb5 Bxb5 18. Bxb5 Rd5 19. Qc1+ Kb8 20. Qf4+ Rd6 21. Qe5 Qd8 22. Rab1 Ba5 23. Bc6 Bb6 24. Bf4 bxc6 25. Qxd6+ Kb7 26. Rfc1 Qxd6 27. Bxd6 Nd5 28. a4 Rd8 29. Bc5 Kc7 30. Rc2 Re8 31. Kf1 Re4 32. Rbc1 Re6 33. Re1 Rf6 34. Re5 Kd7 35. Rb2 Bc7 36. Re4 a5 37. Rb3 h5 38. g3 Rh6 39. Bf8 Rh7 40. Re1 h4 41. Kg1 f5 42. Ba3 f4 43. gxf4 Nxf4 44. Bc1 Nd5 45. Bd2 Rh5 46. Kg2 Rf5 47. Re2 Bd6 48. h3 gxh3+ 49. Kxh3 Nf4+ 50. Bxf4 Rxf4 51. Rd3 Bb4 52. f3 Kd6 53. Re4 Rf6 54. Rxh4 Kd5 55. Kg4 Kc4 56. Rd1 Kb3 57. f4 Kxa4 58. Rh3 Kb5 59. f5 Kc4 60. Kf4 Kd5 61. Rh7 Rf8 62. Rd7+ Kc4 63. Rc1+ Kb5 64. Ke5 Re8+ 65. Kf6 Re3 66. Kf7 Kb6 67. Rb1 Kb5 68. f6 Kc4 69. Rc7 Kd5 70. Rc1 a4 71. R7xc6 Ke4 72. R1c4 Rb3 73. d5+ Kxd5 1-0

[Event "Chigorin Memorial-A 10th"]
[Site "St Petersburg"]
[Date "2002.10.29"]
[Round "5"]
[White "Kiselev, Sergey"]
[Black "Kirusha, Andrey"]
[Result "1/2-1/2"]
[WhiteElo "2432"]
[BlackElo "2386"]
[PlyCount "204"]
[EventDate "2002.10.25"]
[EventType "swiss"]
[EventRounds "9"]
[EventCountry "RUS"]
[SourceTitle "EXT 2003"]
[Source "ChessBase"]
[SourceDate "2002.11.25"]
[SourceVersion "1"]
[SourceVersionDate "2002.11.25"]
[SourceQuality "1"]

1. d4 Nf6 2. c4 g6 3. Nc3 Bg7 4. e4 d6 5. Nf3 0-0 6. Be2 e5 7. Be3 Ng4 8. Bg5 Qe8 9. d5 h6 10. Bc1 f5 11. 0-0 Nf6 12. exf5 Bxf5 13. Nh4 Na6 14. Nxf5 gxf5 15. Qc2 Qg6 16. f3 Rae8 17. Be3 Rf7 18. Kh1 h5 19. g3 e4 20. fxe4 Ng4 21. Bg1 fxe4 22. Rxf7 Qxf7 23. Rf1 Qg6 24. Rf4 Nb4 25. Qb1 Bxc3 26. bxc3 Nd3 27. Rf1 b6 28. Bd4 Qg5 29. Qc2 Rf8 30. Rxf8+ Kxf8 31. Bxd3 exd3 32. Qxd3 b5 33. h3 Ne5 34. Bxe5 dxe5 35. cxb5 e4 36. Qxe4 Qxg3 37. Qf5+ Ke7 38. Qxh5 Qxc3 39. Qe2+ Kd8 40. Kg2 Qg7+ 41. Kh2 Qd4 42. Kg3 Qxd5 43. h4 Qd6+ 44. Kh3 Qd7+ 45. Kg2 Qd5+ 46. Kf2 Qd4+ 47. Kg3 Qd6+ 48. Kg2 Qd5+ 49. Kg1 Qc5+ 50. Kf1 Qd5 51. h5 Qh1+ 52. Kf2 Qh4+ 53. Ke3 Qe7+ 54. Kd3 Qa3+ 55. Kc4 Qc1+ 56. Kd5 Qh6 57. Qe5 a6 58. a4 axb5 59. axb5 Kd7 60. Qf5+ Kd8 61. Qg6 Qd2+ 62. Kc6 Qd7+ 63. Kc5 Qe7+ 64. Kc4 Qh4+ 65. Kd5 Qb4 66. Qg8+ Kd7 67. Qe6+ Kd8 68. Qf6+ Ke8 69. Qg6+ Kd8 70. Qd3 Kc8 71. Kc6 Qe7 72. Qf5+ Kb8 73. Kd5 Kb7 74. Qe5 Qd7+ 75. Kc5 Qh3 76. Kd4 Kc8 77. Ke4 Qg4+ 78. Ke3 Qh3+ 79. Kd4 Qg4+ 80. Kc5 Qh3 81. Qg5 Qc3+ 82. Kd5 Qb3+ 83. Ke4 Qc4+ 84. Kf3 Qd3+ 85. Kg2 Qe2+ 86. Kh3 Qf3+ 87. Kh4 Qh1+ 88. Kg4 Qe4+ 89. Qf4 Qg2+ 90. Kf5 Qc2+ 91. Kf6 Kb7 92. Qg5 Qb2+ 93. Kg6 Qh8 94. Qd5+ Kc8 95. h6 Qe8+ 96. Qf7 Qe4+ 97. Kg7 Qg4+ 98. Qg6 Qd7+ 99. Qf7 Qg4+ 100. Kh7 Qe4+ 101. Kh8 Qe5+ 102. Kg8 Qg5+ 1/2-1/2

[Event "Chigorin Memorial-A 10th"]
[Site "St Petersburg"]
[Date "2002.10.27"]
[Round "3"]
[White "Shalimov, Valery"]
[Black "Kirusha, Andrey"]
[Result "1-0"]
[WhiteElo "2454"]
[BlackElo "2386"]
[PlyCount "87"]
[EventDate "2002.10.25"]
[EventType "swiss"]
[EventRounds "9"]
[EventCountry "RUS"]
[SourceTitle "EXT 2003"]
[Source "ChessBase"]
[SourceDate "2002.11.25"]
[SourceVersion "1"]
[SourceVersionDate "2002.11.25"]
[SourceQuality "1"]

1. d4 d5 2. c4 e6 3. Nc3 c5 4. cxd5 cxd4 5. Qa4+ Bd7 6. Qxd4 exd5 7. Nf3 Nc6 8. Qd3 Bc5 9. Be3 Nb4 10. Qd2 Bxe3 11. Qxe3+ Ne7 12. Qd2 0-0 13. e3 Bg4 14. Be2 Bxf3 15. Bxf3 d4 16. Ne2 Qa5 17. Nxd4 Rfd8 18. 0-0 Qb6 19. Qe2 Nbc6 20. Nxc6 bxc6 21. Rfd1 Qa5 22. Qc4 Rab8 23. a3 Rxd1+ 24. Rxd1 Rd8 25. Rxd8+ Qxd8 26. g3 Qd7 27. b4 g6 28. Kg2 Qd6 29. Qc3 Qd7 30. Qe5 Nc8 31. h3 Ne7 32. a4 h5 33. a5 Kf8 34. a6 Qc8 35. Be2 Qd7 36. Bc4 Nc8 37. e4 Nd6 38. Bb3 Nb5 39. Qf6 Nc7 40. Bc4 Ke8 41. Qe5+ Kd8 42. h4 Ne8 43. b5 Nd6 44. b6 1-0

[Event "St Petersburg White Nights op"]
[Site "St Petersburg"]
[Date "2001.06.15"]
[Round "7"]
[White "Ekdyshman, Mikhail"]
[Black "Kirusha, Andrey"]
[Result "1-0"]
[WhiteElo "2231"]
[BlackElo "2343"]
[PlyCount "121"]
[EventDate "2001.06.09"]
[EventType "swiss"]
[EventRounds "9"]
[EventCountry "RUS"]
[SourceTitle "CBM 082 Extra"]
[Source "ChessBase"]
[SourceDate "2001.07.03"]
[SourceVersion "1"]
[SourceVersionDate "2001.07.03"]
[SourceQuality "1"]

1. d4 Nf6 2. Nf3 e6 3. Bg5 h6 4. Bh4 d6 5. e3 g5 6. Bg3 Nh5 7. Bd3 Nxg3 8. hxg3 Bg7 9. Nbd2 Nd7 10. c3 d5 11. e4 dxe4 12. Nxe4 Qe7 13. 0-0 b6 14. Re1 Bb7 15. Qa4 a6 16. Rad1 0-0 17. g4 c5 18. Bb1 cxd4 19. Nxd4 Bxe4 20. Bxe4 Nc5 21. Qb4 Rac8 22. Bb1 Qc7 23. Ne2 Rfd8 24. Ng3 Rxd1 25. Rxd1 Rd8 26. Re1 Rd2 27. Ne4 Nd3 28. Qa4 b5 29. Qxa6 Nxe1 30. Nxd2 Qd8 31. Nf1 Qd5 32. Ne3 Qd2 33. Qa8+ Bf8 34. Qe4 Bg7 35. Qa8+ Bf8 36. Qe4 Bg7 37. c4 Qc1 38. Nf1 bxc4 39. a4 Nd3 40. Bxd3 cxd3 41. Qxd3 Qxb2 42. Qd8+ Bf8 43. a5 Kg7 44. Ng3 Qc1+ 45. Kh2 Qf4 46. Qb6 h5 47. gxh5 Qe5 48. a6 Bc5 49. Qb5 Qd4 50. Ne4 Be7 51. Qb7 Bc5 52. Qb5 Be7 53. Qe2 f5 54. Ng3 Kf6 55. h6 Qh4+ 56. Kg1 Bc5 57. Qf3 Kg6 58. Qc3 Bd4 59. Qb4 Kxh6 60. Qb7 Kg6 61. Qd7 1-0

[Event "St Petersburg White Nights op"]
[Site "St Petersburg"]
[Date "2001.06.12"]
[Round "4"]
[White "Kirusha, Andrey"]
[Black "Yagupov, Igor"]
[Result "0-1"]
[WhiteElo "2343"]
[BlackElo "2448"]
[PlyCount "80"]
[EventDate "2001.06.09"]
[EventType "swiss"]
[EventRounds "9"]
[EventCountry "RUS"]
[SourceTitle "CBM 082 Extra"]
[Source "ChessBase"]
[SourceDate "2001.07.03"]
[SourceVersion "1"]
[SourceVersionDate "2001.07.03"]
[SourceQuality "1"]

1. d4 d5 2. c4 c6 3. Nf3 Nf6 4. Nc3 e6 5. Bg5 h6 6. Bh4 dxc4 7. e4 g5 8. Bg3 b5 9. Be2 Bb7 10. 0-0 Nbd7 11. Qc2 Nh5 12. a4 Nxg3 13. fxg3 a6 14. Rad1 Qb6 15. Kh1 Bg7 16. e5 0-0 17. Ne4 c5 18. Nexg5 f5 19. exf6 Nxf6 20. dxc5 Qc6 21. Rd6 Qxc5 22. Rd7 Qc6 23. Re7 Rae8 24. Rxe8 Qxe8 25. Nh3 Ng4 26. Qd2 Qd8 27. axb5 axb5 28. Qb4 Ne3 29. Qxb5 Qd5 30. Qa4 Nxf1 31. Nf4 Rxf4 32. gxf4 Ne3 33. Qe8+ Kh7 34. h4 Bc6 35. Qf7 Qf5 36. Qc7 Bd5 37. Ne5 Bxg2+ 38. Kg1 Bd5 39. h5 Qxf4 40. Nf3 Qxc7 0-1

[Event "Chigorin Memorial 08th"]
[Site "St Petersburg"]
[Date "2000.11.08"]
[Round "7"]
[White "Kirusha, Andrey"]
[Black "Sulskis, Sarunas"]
[Result "0-1"]
[WhiteElo "2338"]
[BlackElo "2497"]
[PlyCount "150"]
[EventDate "2000.10.31"]
[EventType "swiss"]
[EventRounds "9"]
[EventCountry "RUS"]
[SourceTitle "EXT 2001"]
[Source "ChessBase"]
[SourceDate "2000.11.22"]
[SourceVersion "1"]
[SourceVersionDate "2000.11.22"]
[SourceQuality "1"]

1. Nf3 b6 2. c4 Bb7 3. Nc3 e6 4. g3 Bxf3 5. exf3 Bb4 6. Bg2 Ne7 7. 0-0 0-0 8. a3 Bxc3 9. dxc3 a5 10. Be3 a4 11. Qe2 d6 12. Rad1 Nd7 13. f4 Ra5 14. Bd4 Nc5 15. Qg4 Nf5 16. Rfe1 Nb3 17. Qe2 Qd7 18. Be4 Rb8 19. Qf3 Ne7 20. Bc2 Qc6 21. Qd3 g6 22. Bf6 Re8 23. Qe2 Kf8 24. Be4 Qd7 25. Qf3 Rc5 26. Qe2 Ng8 27. Bd4 Ra5 28. Qf3 Nxd4 29. Rxd4 Rc5 30. Bc2 Kg7 31. Qd1 Ra8 32. Re5 Nf6 33. Rxc5 bxc5 34. Rd2 Qc6 35. Qe2 h5 36. f3 Rb8 37. Be4 Qa6 38. Kg2 Re8 39. h4 Nd7 40. Bd3 f5 41. Qd1 e5 42. Bc2 Ra8 43. Qe2 Kf7 44. Bd3 Qc6 45. Qe1 Rb8 46. Re2 Rb6 47. Qd1 Nf6 48. Qe1 Nd7 49. Qd1 Ke7 50. Bb1 Kd8 51. Qd5 Qxd5 52. cxd5 Ke7 53. Kf2 Kf6 54. Ke3 Rb8 55. Kd3 c4+ 56. Kxc4 Nb6+ 57. Kd3 exf4 58. gxf4 Nxd5 59. Rh2 Nxf4+ 60. Ke3 Ke5 61. Rd2 c5 62. Ba2 d5 63. Kf2 Nd3+ 64. Ke3 c4 65. Bb1 f4+ 66. Ke2 g5 67. hxg5 Kf5 68. Bxd3+ cxd3+ 69. Kxd3 Re8 70. Rg2 Kg6 71. Kd4 h4 72. Kxd5 h3 73. Rh2 Rh8 74. Rh1 Kxg5 75. Rg1+ Kf5 0-1

[Event "Chigorin Memorial 08th"]
[Site "St Petersburg"]
[Date "2000.11.02"]
[Round "3"]
[White "Kirusha, Andrey"]
[Black "Fominyh, Alexander"]
[Result "0-1"]
[WhiteElo "2338"]
[BlackElo "2594"]
[PlyCount "142"]
[EventDate "2000.10.31"]
[EventType "swiss"]
[EventRounds "9"]
[EventCountry "RUS"]
[SourceTitle "EXT 2001"]
[Source "ChessBase"]
[SourceDate "2000.11.22"]
[SourceVersion "1"]
[SourceVersionDate "2000.11.22"]
[SourceQuality "1"]

1. e4 c5 2. Nf3 Nc6 3. d4 cxd4 4. Nxd4 e6 5. Nc3 Qc7 6. Be2 a6 7. 0-0 Bc5 8. Nxc6 bxc6 9. Kh1 Be7 10. Bd3 Nf6 11. Bg5 e5 12. Qe2 h6 13. Be3 d5 14. Bd2 0-0 15. f3 Bd6 16. Rae1 Re8 17. Na4 d4 18. c4 c5 19. b3 Bd7 20. Nb2 a5 21. Bc2 Bc6 22. Kg1 Nd7 23. a4 Be7 24. Nd3 Bg5 25. g3 Bxd2 26. Qxd2 Bb7 27. Re2 Ra6 28. Kf2 Nb6 29. Ke1 Nc8 30. Kd1 Nd6 31. g4 f6 32. h4 Nf7 33. Rg1 Kf8 34. Kc1 Ke7 35. Reg2 Kd8 36. Kb2 Kc8 37. Ka2 Kb8 38. Rh2 Ka7 39. Re2 Rae6 40. Ne1 Rh8 41. Bd3 Ree8 42. Reg2 Nd8 43. h5 Ne6 44. Rh2 Bc6 45. Nc2 Rh7 46. Na3 Qd8 47. Kb2 Nf4 48. Nb5+ Kb6 49. Rc1 Reh8 50. Rch1 Be8 51. Kc2 g6 52. hxg6 Bxg6 53. Rh4 h5 54. gxh5 Rxh5 55. Qf2 Rxh4 56. Rxh4 Bh5 57. Qh2 Qe7 58. Bf1 Rh7 59. Kb2 Bg6 60. Rxh7 Qxh7 61. Qxh7 Bxh7 62. Kc2 Bg6 63. Kd2 Bh5 64. Be2 Kc6 65. Na7+ Kd7 66. Nb5 Nxe2 67. Kxe2 f5 68. Kd3 Bxf3 69. exf5 e4+ 70. Kd2 e3+ 71. Kd3 Be4+ 0-1

[Event "Chigorin Memorial 08th"]
[Site "St Petersburg"]
[Date "2000.10.31"]
[Round "1"]
[White "Kirusha, Andrey"]
[Black "Malaniuk, Vladimir P"]
[Result "0-1"]
[WhiteElo "2338"]
[BlackElo "2548"]
[PlyCount "110"]
[EventDate "2000.10.31"]
[EventType "swiss"]
[EventRounds "9"]
[EventCountry "RUS"]
[SourceTitle "EXT 2001"]
[Source "ChessBase"]
[SourceDate "2000.11.22"]
[SourceVersion "1"]
[SourceVersionDate "2000.11.22"]
[SourceQuality "1"]

1. e4 e5 2. Nf3 Nc6 3. Bb5 g6 4. 0-0 Bg7 5. d3 a6 6. Ba4 d6 7. d4 Bd7 8. d5 Nce7 9. Bxd7+ Qxd7 10. c4 h6 11. Nc3 f5 12. exf5 gxf5 13. Re1 Nf6 14. Qb3 b6 15. a4 a5 16. Bd2 0-0 17. Rad1 Ng6 18. Qc2 Kh7 19. Nb5 Ne4 20. Bc1 Nc5 21. h3 Rae8 22. Qe2 Qf7 23. Qc2 Rg8 24. Kh1 Re7 25. Rg1 Rf8 26. Be3 e4 27. Nfd4 Ne5 28. Nc6 Nxc6 29. dxc6 Nd3 30. f4 Nxb2 31. Rd5 Nd3 32. Qe2 Nb4 33. Rdd1 Nxc6 34. g4 Rg8 35. Rd5 fxg4 36. hxg4 Rh8 37. Rh5 Kg8 38. Qh2 Qf6 39. Qh3 Qe6 40. Qh4 Rf7 41. g5 hxg5 42. Rxh8+ Bxh8 43. Rxg5+ Bg7 44. Nd4 Qxc4 45. Nf5 Kf8 46. Nxg7 Rxg7 47. Qh6 Qg8 48. f5 Qh7 49. Rg6 Ne5 50. Rxg7 Qxg7 51. Qe6 Qf7 52. Qh6+ Ke8 53. f6 Kd7 54. Bf4 Ke6 55. Bxe5 Kxe5 0-1

[Event "Chigorin Memorial 07th"]
[Site "St Petersburg"]
[Date "1999.11.10"]
[Round "9"]
[White "Medvedkov, Anton"]
[Black "Kirusha, Andrey"]
[Result "0-1"]
[WhiteElo "2188"]
[BlackElo "2364"]
[PlyCount "192"]
[EventDate "1999.11.02"]
[EventType "swiss"]
[EventRounds "9"]
[EventCountry "RUS"]
[SourceTitle "CBM 074"]
[Source "ChessBase"]
[SourceDate "2000.02.01"]
[SourceVersion "1"]
[SourceVersionDate "2000.02.01"]
[SourceQuality "1"]

1. e4 c5 2. c3 e6 3. d4 d5 4. exd5 exd5 5. Be3 c4 6. b3 cxb3 7. axb3 Nc6 8. Bd3 Bd6 9. Qf3 Nf6 10. h3 h6 11. Ne2 Ne7 12. Nd2 Ng6 13. g3 0-0 14. Kf1 Be6 15. Kg2 Nh7 16. Nf4 Nxf4+ 17. Bxf4 Ng5 18. Bxg5 Qxg5 19. Qe3 Qf6 20. Qf3 Qxf3+ 21. Nxf3 Rfc8 22. Rhc1 a5 23. Bb5 f6 24. c4 b6 25. Ne1 Rc7 26. Nd3 dxc4 27. bxc4 Bf5 28. Nb2 Be4+ 29. Kf1 Bc6 30. Na4 Rb8 31. Bxc6 Rxc6 32. c5 bxc5 33. dxc5 Bc7 34. Rab1 Rxb1 35. Rxb1 Kf7 36. Ke2 Ke6 37. Kd3 Kd5 38. Re1 Be5 39. Re4 f5 40. Rc4 Rc7 41. Rc2 Kc6 42. Re2 Rd7+ 43. Kc4 Rd4+ 44. Kb3 Rb4+ 45. Ka3 Re4 46. Rc2 Bd4 47. Kb3 Re5 48. Rd2 Bxc5 49. Nxc5 Rxc5 50. Rd8 Rd5 51. Rc8+ Kd7 52. Rg8 g5 53. Kc4 Rd2 54. Ra8 Rxf2 55. Rxa5 Rf3 56. Ra6 h5 57. Rh6 Rxg3 58. Rxh5 Ke6 59. Kd4 Kf6 60. Rh8 Kg7 61. Rh5 Kg6 62. Rh8 Ra3 63. Rg8+ Kf6 64. Rf8+ Ke6 65. Rg8 Rg3 66. Rh8 f4 67. Re8+ Kf7 68. Rh8 Re3 69. Rh7+ Kg6 70. Rh8 Re7 71. Rg8+ Kf6 72. Rh8 Kg7 73. Rh5 Kg6 74. Rh8 Rf7 75. Rg8+ Kh6 76. Rh8+ Kg7 77. Ra8 Re7 78. Ra5 Kg6 79. Ra8 Rh7 80. Ra6+ Kh5 81. Ke4 Kh4 82. Kf3 Kxh3 83. Ra1 g4+ 84. Kxf4 Rf7+ 85. Ke3 g3 86. Ra8 g2 87. Rh8+ Kg3 88. Rg8+ Kh2 89. Rh8+ Kg1 90. Ke2 Re7+ 91. Kd2 Re5 92. Rh7 Kf2 93. Rf7+ Kg3 94. Rg7+ Kf3 95. Rg8 Re4 96. Kd3 Rg4 0-1

[Event "Chigorin Memorial 07th"]
[Site "St Petersburg"]
[Date "1999.11.08"]
[Round "7"]
[White "Kirusha, Andrey"]
[Black "Aleksandrov, Danila"]
[Result "0-1"]
[WhiteElo "2364"]
[BlackElo "2216"]
[PlyCount "68"]
[EventDate "1999.11.02"]
[EventType "swiss"]
[EventRounds "9"]
[EventCountry "RUS"]
[SourceTitle "CBM 074"]
[Source "ChessBase"]
[SourceDate "2000.02.01"]
[SourceVersion "1"]
[SourceVersionDate "2000.02.01"]
[SourceQuality "1"]

1. c4 e6 2. Nf3 Nf6 3. g3 d5 4. d4 c6 5. Bg2 Nbd7 6. 0-0 Be7 7. Qc2 Ne4 8. Nbd2 f5 9. b3 0-0 10. Bb2 Qe8 11. Ne5 Qh5 12. Ndf3 g5 13. Nd3 Rf6 14. Bc1 f4 15. gxf4 g4 16. Ng5 Rh6 17. h3 Qh4 18. Nxe4 dxe4 19. Ne5 Nf6 20. Be3 Bd7 21. Nxd7 Nxd7 22. Qxe4 Kh8 23. f5 exf5 24. Qf4 Rg6 25. Kh1 Rf8 26. c5 Bg5 27. Qc7 Rf7 28. Bxg5 Qxg5 29. Qg3 Rfg7 30. Rg1 Nf6 31. f4 Qh6 32. e4 gxh3 33. Qxh3 Nxe4 34. Kh2 Nf2 0-1

[Event "Chigorin Memorial 07th"]
[Site "St Petersburg"]
[Date "1999.11.02"]
[Round "1"]
[White "Kirusha, Andrey"]
[Black "Lastin, Alexander"]
[Result "0-1"]
[WhiteElo "2364"]
[BlackElo "2552"]
[PlyCount "52"]
[EventDate "1999.11.02"]
[EventType "swiss"]
[EventRounds "9"]
[EventCountry "RUS"]
[SourceTitle "CBM 074"]
[Source "ChessBase"]
[SourceDate "2000.02.01"]
[SourceVersion "1"]
[SourceVersionDate "2000.02.01"]
[SourceQuality "1"]

1. Nf3 d5 2. d4 e6 3. c4 c6 4. Nc3 Nf6 5. Bg5 h6 6. Bh4 dxc4 7. e4 g5 8. Bg3 b5 9. Be2 Nbd7 10. 0-0 Bb7 11. Qc2 Nh5 12. a4 a6 13. Rad1 Nxg3 14. fxg3 Qb6 15. Kh1 Bb4 16. e5 Bxc3 17. bxc3 c5 18. Nd2 cxd4 19. cxd4 Rc8 20. Bh5 0-0 21. Nf3 b4 22. Nxg5 hxg5 23. Qd2 Qd8 24. d5 Nxe5 25. Qe3 f6 26. dxe6 Qe7 0-1